| 000 | 00614nam a2200205 a 4500 | ||
|---|---|---|---|
| 005 | 20231127063557.0 | ||
| 008 | 991125s1993 mx 000 0 spa u | ||
| 020 | _a9684442580 | ||
| 035 | _aUPN01000057064 | ||
| 049 | _aCG | ||
| 050 | 4 |
_aGA130 _bT7.3 |
|
| 245 | 0 | 0 |
_aTrabajar mapas / _cMa. Victoria Corberó... [et al.] |
| 260 |
_aMéxico : _bAlhambra, _c1993. |
||
| 300 |
_a149 p. : _bil., mapas |
||
| 440 | 0 |
_aBiblioteca de recursos didácticos Alhambra ; _v27 |
|
| 650 | 4 |
_aGeografía _xEstudio y enseñanza _910181 |
|
| 650 | 2 |
_aMapas _95255 |
|
| 700 | 1 |
_aCorberó, María Victoria, _ecoaut. |
|
| 905 | _aLibro | ||
| 999 |
_c57064 _d57064 |
||